00225nam a2200085Ia 4500100002100000654003100021245004600052260002900098546001200127 aVenkataramani Y  aLinear integrated circuits aLinear Integrated Circuits & application bISTE Learning Materials aENGLISH